00862nam a2200241Ia 4500999001500000020000900015082001200024100002100036245008200057260006300139300000800202504004100210650002700251650002400278650001400302650004300316650002600359650002800385700002900413700002000442942001200462952014600474 c6196d6196 a7206 aRK.0211 aKapadia, Shagufa 0aParent-adolescent relationships in the context of interpersonal disagreements bIndian Council of Social Science Research, New Delhic2005 a166 aincludes appendices and bibliography aParent and adult child aParent and teenager aParenting aInterpersonal relations in adolescence aAdolescent psychology aInterpersonal relations aTinwala, Shaheenaparvin  aKarnik, Rachana cRP2ddc 001040718MIRPaNASSDOCbNASSDOCd2008-10-13eGifted by : R P Division,i2008-09-10l0oRK.0211p44629r2019-04-18 00:00:00w2019-04-18yRP